Statistics for Name as Many Game of Thrones Characters as You Can

Click here to take the quiz!

General Stats

  • This quiz has been taken 214 times
  • The average score is 102 of 185

Answer Stats

Answer% Correct
Arya Stark
98%
Jaime Lannister
98%
Cersei Lannister
97%
Bran Stark
96%
Jon Snow
96%
Catelyn Stark
95%
Eddison Tollett
95%
Saladhor Saan
95%
Tyrion Lannister
95%
Daenerys Targaryen
93%
Sansa Stark
93%
Tywin Lannister
93%
Joffrey Baratheon
92%
Ramsay Snow
92%
Robb Stark
92%
Rickon Stark
91%
Renly Baratheon
90%
Robert baratheon
90%
Olenna Tyrell
89%
Stannis Baratheon
89%
Tommen Baratheon
89%
Jorah Mormont
88%
Theon Greyjoy
88%
Viserys Targaryen
88%
Loras Tyrell
87%
Gregor Clegane
86%
Margaery Tyrell
86%
Oberyn Martell
86%
Sandor Clegane
86%
Khal Drogo
85%
Roose Bolton
85%
Yara Greyjoy
85%
Ellaria Sand
84%
Hot Pie
84%
Lysa Arryn
84%
Missandei
84%
Myrcella Baratheon
84%
Thoros of Myr
84%
Varys
84%
Euron Greyjoy
83%
Lancel Lannister
83%
Peytr Baelish
83%
Kevan Lannister
81%
Eddard Stark
80%
Grey Worm
80%
Melisandre
80%
Nymeria Sand
80%
Obara Sand
80%
Tyene Sand
80%
Brienne of Tarth
79%
Ghost
78%
Jeor Mormont
78%
Shireen Baratheon
78%
Walder Frey
78%
Jon Arryn
77%
Robin Arryn
77%
Benjen Stark
76%
Little Sam
76%
Mace Tyrell
76%
Nymeria
76%
Balon Greyjoy
75%
Bronn
75%
Doran Martell
75%
Edmure Tully
75%
Lady
75%
Davos Seaworth
72%
Lyanna Mormont
72%
Podrick Payne
71%
Ygritte
71%
Hodor
70%
Summer
70%
Barristan Selmy
68%
Gilly
68%
Shaggydog
68%
Greywind
67%
Brynden Tully
66%
Grand Maester Pycelle
66%
Jojen Reed
66%
Osha
66%
Shae
66%
Talisa Stark
66%
Gendry baratheon
65%
Grenn
64%
Maester Luwin
64%
Mance Rayder
64%
Tormund Giantsbane
64%
Meera Reed
63%
Selyse Baratheon
63%
Maester Aemon
61%
The High Sparrow
60%
Beric Dondarrion
59%
Ros
58%
Daario Naharis
57%
Drogon
57%
The Night King
57%
Viserion
57%
Qyburn
56%
Samwell Tarly
56%
Rickard Karstark
55%
Rodrick Cassel
55%
Craster
54%
Jory Cassel
54%
Janos Slynt
53%
Olly
53%
Ilyn Payne
52%
Jaqen H'ghar
52%
Meryn Trant
52%
Randyll Tarly
52%
Rhaegal
52%
Doreah
50%
Septa Mordane
49%
Alton Lannister
48%
Irri
48%
Fat Walda Bolton
46%
The Waif
46%
Qhorin Halfhand
45%
Dickon Tarly
44%
Three-Eyed Raven
44%
Matthos Seaworth
43%
Syrio Forel
43%
Wun Wun
43%
Yoren
43%
Lyanna Stark
42%
Rast
42%
Will
42%
Septa Unella
41%
Allister Thorne
40%
Myranda
40%
Aerys Targaryen
39%
Locke
39%
Mord
39%
Polliver
39%
Pypar
39%
Yohn Royce
39%
Karl Tanner
37%
Old Nan
37%
Lady Crane
36%
Orell
36%
Pyat Pree
35%
Spice King
34%
Styr
34%
Mirri Maz Duur
32%
Xaro Xhoan Daxos
32%
Aeron Greyjoy
31%
Khal Moro
31%
Olyvar
31%
Illyrio Mopatis
30%
Lommy
30%
Rattleshirt
30%
Roslin Frey
30%
Rhaego
28%
Brother Ray
27%
Dagmer Cleftjaw
26%
Mycah
26%
Rakharo
25%
Hizdahr zo Loraq
24%
Dontos Hollard
22%
Othell Yarwyck
20%
Qotho
20%
The Tickler
18%
Talla Tarly
16%
Vardis Egen
16%
Cersei's unborn child
11%
Karsi
11%
Tycho Nestoris
11%
Walda's Son
11%
Waymar Royce
11%
Jhiqui
10%
Archmaester Ebrose
9%
Razdal mo Eraz
8%
Armeca
7%
Quaithe
5%
Rorge
5%
Yezzan zo Qaggaz
3%
Izembaro
2%
Kranzys mo Nakloz
2%
Maggy
2%
Rhaegal Targaryen
2%
Ser Pounce
2%
Bernadette
1%
Donnel Waynwood
1%
Ternesio Terys
1%
Meressa Tarly
0%
Shagga, Son of Dolf
0%
Timett, Son of Timett
0%

Score Distribution

Percentile by Number Answered

Percent of People with Each Score

Your Score History

You have not taken this quiz